MDQL
is popping MORE tags! Check the
thread
!
Quizzes
Events
Quiz Creation
Community
Videos
Private Events
Remove Ads
Sign In
Join for FREE
Feedback
Dark Mode
Quiz Categories
Sports
Geography
Music
Movies
Television
Just For Fun
Miscellaneous
History
Literature
Language
Science
Gaming
Entertainment
Religion
Holiday
For Kids
Quiz Lab
Recent
Popular Today
Quiz Kudos Today
Editor Picks
Curator Picks
Quizzes by...
Day
Popularity
Type
Ratings
Length
Year
Community
Subscriptions
Recent Discussions
Orange Saloon
Badges
Playlists
Quests
Create
Leaderboards
Showdown
Live 5
Trivia Bingo
Activity
Puzzle Library
Sporcle Events
Private Events
Virtual Trivia
Globe League
Become a Host
Pub Owners
SporcleCon
Opinionation
Our Games
Videos
Blog
Mobile Apps
Partnerships
Remove Ads and Go Orange
Feedback
Sports
Athletes
MLB
NBA
NHL
NFL
Soccer
Sports Teams
WWE
NCAA
Football
Premier League
Basketball
Baseball
Hockey
Golf
Tennis
Cricket
Rugby
Auto Racing
Olympics
World Cup
Sports
Athletes
MLB
NBA
NHL
NFL
Soccer
Sports Teams
WWE
NCAA
Football
Premier League
Basketball
Baseball
Hockey
Golf
Tennis
Cricket
Rugby
Auto Racing
Olympics
World Cup
Random Quiz
Search Sporcle
×
Quiz Lab
Quiz Lab
Sports
Character
Type in answers that appear in a list
Type in answers that appear in a list
Classic
Best Score? Go Orange.
League of Legends Characters Stats
Can you name the League of Legends Characters 4/12/10?
By
Rewnzor
8m
65 Questions
195 Plays
195 Plays
195 Plays
Comments
Comments
Give Quiz Kudos
Give Quiz Kudos
-
- Ratings
hide this ad
Random Order
Randomize order of answers
Randomize order of answers
Replay
Link that replays current quiz
Next Quiz
Link to next quiz in quiz playlist
You Got
0%
They Got
Avg Score
78%
Avg Friend Score
Upgrade to see
Score Distribution
Jump to the score distribution portion of the page
Score
0/65
Timer
08:00
0
Plays Today
% Correct
Ashe
93.3%
Akali
90.3%
Master Yi
89.2%
Shen
89.2%
Kennen
88.7%
Annie
88.7%
Amumu
88.2%
Miss Fortune
87.2%
Trundle
87.2%
Garen
86.2%
Rammus
85.6%
Sona
85.6%
Warwick
84.6%
Anivia
84.1%
Lux
84.1%
Xin Zhao
83.1%
Alistar
82.6%
Janna
82.1%
Shaco
82.1%
Soraka
82.1%
Irelia
81.5%
Cho'Gath
81%
Gragas
80.5%
Teemo
80.5%
Twitch
80%
Tristana
79.5%
Urgot
79.5%
Ezreal
79%
Corki
78.5%
Galio
78.5%
Blitzcrank
77.9%
Mordekaiser
77.9%
Morgana
77.4%
% Correct
Evelynn
76.9%
Gangplank
76.9%
Nunu
76.9%
Pantheon
76.9%
Zilean
76.9%
Malphite
76.4%
Olaf
76.4%
Tryndamere
76.4%
Katarina
75.9%
Jax
75.4%
Kog'maw
74.4%
Veigar
74.4%
Dr.Mundo
73.3%
Kayle
73.3%
LeBlanc
72.8%
Malzahar
72.3%
Vladimir
72.3%
Sion
71.8%
Kassadin
71.3%
Twisted Fate
71.3%
Heimerdinger
70.8%
Ryze
70.8%
Singed
70.3%
Udyr
70.3%
Swain
69.7%
Fiddlesticks
69.2%
Poppy
69.2%
Taric
67.7%
Sivir
67.2%
Karthus
66.2%
Nasus
65.6%
Nidalee
65.6%
Quiz Playlist
Details
Report
Send in Message
Add To Playlist
Classic:
Type in answers that appear in a list
Random Order:
Randomize order of answers
Last Updated: Feb 16, 2017
Quiz Scoreboard
CHALLENGE
Sign Up to Join the Scoreboard
Show All
Scores
Hide
Comments
May contain spoilers
Recently Published
5x2 Blitz: Bands
by SL_Kpop136
Music
30s
Colored Red Africa Blitz
by spor1
Geography
30s
Find the 'City' Movie
by crazypaving
Movies
60s
More to Explore
Quiz From the Vault
Featured Blog Post
14 Easter Pick-up Lines to Find Eggs With
hide this ad
You Might Also Like...
Tags
Character
League
legend
Legends Characters
Today's Top Quizzes in Sports
Browse Sports
hide this ad
Today's Top Quizzes in Character
Browse Character
Top Contributed Quizzes in Sports
1
Players with Multiple 50 Home Run Seasons
2
Who Needs Fielders?
3
Criteria MLB: Left Handed Sluggers
4
MLB Players with Two .350 Batting Average Seasons
5
Who Hit More Homers?
6
2020 F1 Drivers Logic Puzzle
7
NBA Teammate Connections
8
Premier League Clubs since 2000 (minefield)
9
MLB Teams by First Game
10
Top 10 NHL Goal Scorers of All Time
Explore More
Trending Topics
NBA
Anime
Harry Potter
Crossword
Marvel
Disney
Kpop
WWE
The Office
Country
Pokémon
NFL
Soccer
Puzzle
Song
hide this ad
More By:
Rewnzor
Quiz
Plays
Rating
Category
Featured
Created
League of Legends Characters
195
Sports
Dec 4, 2010
Go to Creator's Profile
Score Distribution
Quiz Creator Spotlight
Rewnzor
Follow
Send a Message
Quizzes Created
-
Created Quiz Play Count
-
More By This Creator
Popular Quizzes Today
1
5x2 Blitz: Bands
2
Find the 'City' Movie
3
Find the US States - No Outlines Minefield
4
Colored Red Africa Blitz
5
The Countries of the World
6
Find the US States
7
Risky Map Clicking: Biggest States A-Z
8
9x9 Crossword: Cartoon Network
More Sports Quizzes
Final Four Teams by Year
Published
Trending Quizzes
Colored Red Africa Blitz II
Colored Red Europe Blitz I
Find the 'Dark' Movie
Find the 'Day' Movie
Find the 'Good' Movie
Recently Updated
Champions League XIs: Real Madrid
pecheneg
Largest US Cities 1790-2010
pecheneg
Rides in Walt Disney World
pecheneg
Most Oscar Losses (Acting)
pecheneg
Beyoncé Albums
pecheneg
Leaping Animals
pecheneg
Reality TV Shows (A-Z)
bhenderson79
Rickey Henderson's Hall of Fame Teammates
pecheneg
Champions League XIs: Arsenal
pecheneg
Quick Pick: Celebrities in WWE's Hall of Fame
aduchscher
Trending Topics
Harry Potter
Crossword
Marvel
Kpop
Disney
Anime
NBA
Song
Puzzle
NFL
The Office
WWE
Soccer
Pokémon
Country
Your Account Isn't Verified!
In order to create a playlist on Sporcle, you need to verify the email address you used during registration. Go to your
Sporcle Settings
to finish the process.
Report this User
Report this user for behavior that violates our
Community Guidelines
.
Details:
Send Report
Go to the Sporcle.com Mobile Site →
Comments